Escudos de times da La Liga - Statistics

Estatísticas Gerais
  • Esse quiz foi jogado 212 vezes
  • A pontuação média é 18 de 20
Estatísticas das Respostas
Imagem Resposta % Correto
Atlético de Madrid
99%
Barcelona
99%
Real Madrid
99%
Girona
98%
Valencia
97%
Alavés
96%
Getafe
96%
Las Palmas
96%
Leganés
96%
Athletic Bilbao
95%
Espanyol
95%
Real Betis
94%
Real Sociedad
94%
Sevilla
92%
Villarreal
89%
Celta de Vigo
87%
Rayo Vallecano
83%
Mallorca
80%
Osasuna
78%
Real Valladolid
72%
Nenhum quiz correspondente encontrado
Distribuição das Pontuações
Porcentagem de Pessoas com Cada Pontuação
Percentil de Números Respondidos
Sua Pontuação Histórica
Você não jogou esse quiz